|
|
|
|
| LEADER |
01257nam a2200325 a 4500 |
| 001 |
28433 |
| 003 |
BD-DhAAL |
| 005 |
20141022145756.0 |
| 008 |
141022s20142006bg\ 000 1 eng d |
| 020 |
|
|
|a 9847002003490
|
| 040 |
|
|
|a DLC
|c DLC
|d DLC
|d BD-DhAAL
|
| 082 |
0 |
0 |
|a 823/.912
|2 21
|
| 999 |
|
|
|c 32974
|d 32974
|
| 999 |
|
|
|c 32974
|
| 100 |
1 |
|
|a Lawrence, D. H.
|q (David Herbert),
|d 1885-1930.
|9 5800
|
| 245 |
1 |
0 |
|a Sons and lovers /
|c D.H. Lawrence ; with an introduction by Tuhin Mukherjee
|
| 260 |
|
|
|a Dhaka :
|b Friends Book Corner,
|c 2006 [Reprinted 2014]
|
| 300 |
|
|
|a xxxx, 464 p. ;
|c 20 cm.
|
| 490 |
|
0 |
|a Friends Classics.
|
| 541 |
1 |
|
|e 28433
|
| 650 |
|
0 |
|a Working class families
|x Fiction.
|9 5801
|
| 650 |
|
0 |
|a Young men
|x Fiction.
|9 5802
|
| 651 |
|
0 |
|a England
|x Fiction.
|9 5654
|
| 655 |
|
7 |
|a Autobiographical fiction.
|2 gsafd
|9 5803
|
| 655 |
|
7 |
|a Domestic fiction.
|2 lcsh
|9 5618
|
| 655 |
|
7 |
|a Bildungsromane.
|2 gsafd
|9 5804
|
| 700 |
|
|
|a Mukherjee, Tuhin
|9 5614
|
| 852 |
4 |
|
|a Ayesha Abed Library
|j General Shelf.
|
| 942 |
|
|
|2 ddc
|c BK
|
| 952 |
|
|
|0 0
|1 0
|2 ddc
|4 0
|6 823_912000000000000_LAW
|7 0
|9 43918
|a BRACUL
|b BRACUL
|c GEN
|d 2014-10-22
|e Friends Book Corner
|l 1
|m 23
|o 823.912 LAW
|p 3010028433
|r 2026-01-03
|s 2025-06-28
|t 1
|w 2014-10-22
|y BK
|x Transferred from BIL to BRACUL on 06/06/22
|